Crops residues and by-products in animal feeding (Record no. 113)

MARC details
000 -LEADER
fixed length control field 00991nam a2200145 4500
020 ## - INTERNATIONAL STANDARD BOOK NUMBER
ISBN 9788189729677
050 ## - CALL NUMBER
Classification number SF99
Item number .G46 GHO
100 ## - AUTHOR
Personal name Ghosh, Bibek
245 ## - TITLE
Title Crops residues and by-products in animal feeding
Statement of responsibility, etc editor, Bibek Ghosh
260 ## - PUBLICATION INFORMATION
Place of publication New Delhi :
Name of publisher Gene-Tech Books,
Year of publication 2007.
300 ## - DESCRIPTION
Number of Pages 276;
Other physical details ills
500 ## - NOTES
General note INCLUDES BIBLIOGRAPHIC REFERENCE AND INDEX
505 ## - FORMATTED CONTENTS NOTE
Table of Content Cover --<br/>Preface --<br/>Contents --<br/>Potentials of Crop Residues as Animal Feed13; --<br/>Crop Residues and Agro-industrial By-products13; --<br/>Nutritive Value of Crop Residues --<br/>Upgradation of Crop Residues13; --<br/>Ensiling Crop Residues --<br/>Ammoniation of Crop Residues --<br/>Utilisation of Crop Residues and Agro-Industrial By-products13; --<br/>Safe Use of Plant and Animal By-Products13; --<br/>Crop Residues as Feed Resources in Crop/Livestock Farming Systems13; --<br/>Crop Residues and Agro-Industrial By-Products in Developing Countries13; --<br/>Organic Crop Production --<br/>Bibliography --<br/>Inde
942 ## - ADDED ENTRY ELEMENTS (KOHA)
Koha item type Books
Holdings
Withdrawn status Lost status Home library Current library Date acquired Full call number Accession Number Koha item type
    Methodist University Library Wenchi Faculty Methodist University Library Wenchi Faculty 12/10/2017 SF99 .G46 GHO 31208 Books
    Methodist University Library Wenchi Faculty Methodist University Library Wenchi Faculty 23/10/2017 SF99 .G46 GHO 31211 Books
Copyright © 2026  MUG Library